000 00438nam a2200181Ia 4500
001 18281
005 20260306171619.0
008 260306s9999||||xx |||||||||||||| ||und||
041 _aESP
082 _a658.402
_bK81
100 _aKreitner, Robert
_eAUT
245 0 _aComportamiento de las organizaciones
260 _c1997
300 _axxii, 661 páginas :
_c23 cm.
650 _aGEN
654 _aCAN
942 _cLIB
_dJUS
_fJUS
_2ddc
_n
999 _c18281
_d18281